000 01737nkm a2200337 i 4500
001 3819
003 ES-MaACL
005 20250713062828.0
007 khrbo
008 070612s1986 sp --- g |001||spa d
100 0 _aAlfonso,
_d1902-1990
_919858
245 1 0 _aCiclo de conferencias sobre literatura argentina contemporánea [
_hFotografía] /
_cAlfonso (sello).
260 _a[S.l. :
_bs.n.],
_c1986.
300 _a2 fot. :
_bb. y n. ;
_c12 x 18 cm.
500 _aDatos basados en invitación.
505 8 _aContiene: "La generación literaria argentina en 1970" por Blas Matamoro -- "Creación, Historia y Literatura" por Marta Mercader -- "La oralidad en la Literatura argentina" por Daniel Moyano -- "El exilio literario" por Oscar Peyrou -- "Exilio interior y exterior en la literatura argentina actual" por Andrés Sorel
511 0 _aIntervienen: Blas Matamoro, Marta Mercader, Daniel Mayano, Oscar Peyrou, Andrés Sorel, César Navarro de Francisco.
518 _aActo organizado por el Ateneo de Madrid en colaboración con la Embajada Argentina, celebrado en el salón de actos el martes, 3 de junio de 1986, a las 20:00 h.
600 1 4 _aMatamoro, Blas.
_978918
600 1 4 _aMercader, Marta.
_980428
600 1 4 _aMoyano, Daniel.
_983982
600 1 4 _aPeyrou, Oscar.
_991607
600 1 4 _aSorel, Andrés.
_9107333
600 1 4 _aNavarro de Francisco, César,
_d1932-
_985113
610 2 4 _aAteneo de Madrid-
_xActos culturales-
_y1986-
_vFotografías.
_91901
710 2 _aAteneo de Madrid.
_91875
710 1 _aArgentina.
_bEmbajada (España)
_91478
852 _aES-MaACL
_jFOT 140/1986
856 4 _uhttp://www.ateneodemadrid.net/biblioteca_digital/imagenes/1986/0140-1986.jpg
_zVer imagen
999 _c3819
_d3819